Capitals of Spanish-speaking countries - Statistics

General Stats
  • This quiz has been taken 169 times
  • The average score is 14 of 21
Answer Stats
Country Capital % Correct
España Madrid
100%
El Salvador San Salvador
73%
Argentina Buenos Aires
70%
Nicaragua Managua
70%
México Ciudad de México
68%
Perú Lima
68%
Costa Rica San José
68%
Ecuador Quito
67%
Honduras Tegucigalpa
65%
Colombia Bogotá
63%
Uruguay Montevideo
63%
Puerto Rico San Juan
63%
Bolivia La Paz, Sucre
62%
Chile Santiago
62%
Venezuela Caracas
60%
Guatemala Ciudad de Guatemala
60%
Panamá Ciudad de Panamá
60%
Cuba La Habana
59%
La República Dominicana Santo Domingo
57%
Paraguay Asunción
56%
Guinea Ecuatorial Malabo
40%
No matching quizzes found
Score Distribution
Percent of People with Each Score
Percentile by Number Answered
Your Score History
You have not taken this quiz